[Event "Mittelfranken Landesliga Sued 2223"]
[Site "Mittelfranken"]
[Date "2022.11.27"]
[Round "3.6"]
[White "Titz, Markus"]
[Black "Romfeld, Michael"]
[Result "1-0"]
[WhiteElo "1832"]
[BlackElo "2100"]
[PlyCount "127"]
[EventDate "2022.10.09"]
[EventType "team-tourn"]
[EventRounds "9"]
[EventCountry "GER"]
[SourceTitle "EXT 2024"]
[Source "ChessBase"]
[SourceDate "2023.10.10"]
[SourceVersion "1"]
[SourceVersionDate "2023.10.10"]
[SourceQuality "1"]
[WhiteTeam "Muenchen Zugzwang II"]
[BlackTeam "Haunstetten"]
[WhiteTeamCountry "GER"]
[BlackTeamCountry "GER"]

1. c4 c5 2. Nc3 Nc6 3. g3 g6 4. Bg2 Bg7 5. a3 e6 6. e4 Nge7 7. f4 d6 8. Nge2 b6 9. 0-0 Bb7 10. d3 Qd7 11. Rb1 0-0 12. b4 Nd4 13. h3 f5 14. Kh2 Rad8 15. Nxd4 cxd4 16. Ne2 e5 17. Qb3 fxe4 18. dxe4 Kh8 19. a4 Ng8 20. Bd2 Nf6 21. Qd3 Qxa4 22. Ra1 Qd7 23. Rxa7 Bxe4 24. Rxd7 Bxd3 25. Rxd8 Rxd8 26. fxe5 dxe5 27. Bg5 Bxe2 28. Rxf6 h6 29. Rf2 d3 30. Bd2 Rf8 31. Kg1 h5 32. Be4 Kh7 33. c5 bxc5 34. bxc5 Rc8 35. c6 Bf8 36. Rf7+ Kh8 37. Bg5 Kg8 38. Bd5 d2 39. Rd7+ Kh8 40. Bf6+ Bg7 41. Bxg7+ Kh7 42. Bxe5+ Kh6 43. Bf4+ g5 44. Bxd2 Bb5 45. Rd6+ Kg7 46. Bxg5 Ba4 47. Bd8 Bxc6 48. Bxc6 Rb8 49. Bf3 Rb1+ 50. Kf2 Rb5 51. Rd5 Rb2+ 52. Ke3 Rb1 53. Bxh5 Rb3+ 54. Rd3 Rb7 55. Bf3 Rb8 56. Kf4 Rc8 57. g4 Rc4+ 58. Kg3 Ra4 59. h4 Kg6 60. h5+ Kh6 61. g5+ Kh7 62. Rd7+ Kg8 63. h6 Ra6 64. Bf6 1-0

[Event "Mittelfranken Landesliga Sued 2122"]
[Site "Mittelfranken"]
[Date "2022.03.20"]
[Round "4.7"]
[White "Titz, Markus"]
[Black "Schmidt, Hans"]
[Result "0-1"]
[WhiteElo "1833"]
[BlackElo "2017"]
[PlyCount "49"]
[EventDate "2021.10.24"]
[EventType "team-tourn"]
[EventRounds "9"]
[EventCountry "GER"]
[SourceTitle "EXT 2024"]
[Source "ChessBase"]
[SourceDate "2023.10.10"]
[SourceVersion "1"]
[SourceVersionDate "2023.10.10"]
[SourceQuality "1"]
[WhiteTeam "Muenchen Zugzwang II"]
[BlackTeam "Garching II"]
[WhiteTeamCountry "GER"]
[BlackTeamCountry "GER"]

1. c4 c6 2. d4 d5 3. cxd5 cxd5 4. Bf4 Nc6 5. Nc3 a6 6. e3 Nf6 7. a3 Bg4 8. f3 Bf5 9. g4 Bc8 10. Nge2 e6 11. Rc1 Bd6 12. Bg3 Na5 13. Nf4 b5 14. e4 dxe4 15. fxe4 Bb7 16. b4 Nxe4 17. Rg1 Nxg3 18. hxg3 Bxf4 19. gxf4 Qh4+ 20. Kd2 Qf2+ 21. Ne2 Nc4+ 22. Kc3 Rc8 23. Kb3 Bd5 24. Rc3 Ne3+ 25. Kb2 0-1

[Event "DSOL 03 Liga Gr-D 1st"]
[Site "Playchess.com INT"]
[Date "2020.08.10"]
[Round "2.2"]
[White "Titz, Markus"]
[Black "Peltzer, Harald"]
[Result "1-0"]
[WhiteElo "1796"]
[BlackElo "1857"]
[PlyCount "81"]
[EventDate "2020.06.22"]
[EventType "team-tourn (rapid)"]
[EventCountry "GER"]
[SourceTitle "EXT 2021"]
[Source "ChessBase"]
[SourceDate "2020.10.23"]
[SourceVersion "1"]
[SourceVersionDate "2020.10.23"]
[SourceQuality "1"]
[WhiteTeam "MSA Zugzwang"]
[BlackTeam "Wuerselen"]
[WhiteTeamCountry "GER"]
[BlackTeamCountry "GER"]

1. c4 e5 2. Nc3 f5 3. g3 Nf6 4. Bg2 c6 5. d3 Bc5 6. Nf3 d6 7. a3 a5 8. Na4 Ba7 9. 0-0 0-0 10. b4 axb4 11. axb4 b5 12. cxb5 cxb5 13. Nxe5 Bxf2+ 14. Rxf2 Rxa4 15. Qb3+ d5 16. Rxa4 bxa4 17. Qxa4 Qb6 18. Qa5 Qd4 19. Bf4 Be6 20. e3 Qc3 21. Qb6 Re8 22. Qd4 Qxd4 23. exd4 Nbd7 24. Ra2 h6 25. b5 g5 26. Nxd7 Nxd7 27. Bc7 Rc8 28. b6 Kf8 29. Kf2 Ke7 30. Ke3 h5 31. Ra5 Nb8 32. Bxd5 Bxd5 33. Rxd5 Ke6 34. Re5+ Kf6 35. Rc5 Ke6 36. d5+ Kd7 37. d6 Ke6 38. Re5+ Kf6 39. d4 Nd7 40. Re7 Nb8 41. d7 1-0

[Event "Regionalliga SW 0910"]
[Site "Bayern"]
[Date "2010.04.11"]
[Round "9.5"]
[White "Titz, Markus"]
[Black "Rajic, Ivica"]
[Result "0-1"]
[WhiteElo "1805"]
[BlackElo "2104"]
[PlyCount "68"]
[EventDate "2009.10.18"]
[EventType "team-tourn"]
[EventRounds "9"]
[EventCountry "GER"]
[SourceTitle "EXT 2011"]
[Source "ChessBase"]
[SourceDate "2010.11.26"]
[SourceVersion "1"]
[SourceVersionDate "2010.11.26"]
[SourceQuality "1"]
[WhiteTeam "Muenchen Schwabing"]
[BlackTeam "Bayern Muenchen III"]
[WhiteTeamCountry "GER"]
[BlackTeamCountry "GER"]

1. c4 Nf6 2. Nc3 d6 3. g3 c6 4. Bg2 Qc7 5. f4 e5 6. d3 h6 7. Nf3 Be7 8. 0-0 exf4 9. Bxf4 Qb6+ 10. d4 Qxb2 11. Qd3 Qa3 12. Rab1 Nbd7 13. Rb3 Qa5 14. e4 0-0 15. Nh4 Nb6 16. e5 dxe5 17. Bxe5 Ng4 18. Nf5 Bxf5 19. Rxf5 Qa6 20. Qf3 Nxe5 21. Rxe5 Bf6 22. Ne4 Bxe5 23. dxe5 Qxc4 24. Rd3 Nd5 25. Bf1 Qc1 26. Qg4 f5 27. exf6 Nxf6 28. Qe6+ Kh8 29. Nd6 Ng4 30. Nf7+ Rxf7 31. Qxf7 Qc5+ 32. Kg2 Rf8 33. Qg6 Qf2+ 34. Kh3 Ne5 0-1

[Event "Regionalliga SW 0607"]
[Site "Bayern"]
[Date "2006.11.19"]
[Round "3.7"]
[White "Titz, Markus"]
[Black "Christiansmeier, Sven"]
[Result "0-1"]
[WhiteElo "1827"]
[BlackElo "1996"]
[PlyCount "99"]
[EventDate "2006.10.15"]
[EventType "team-tourn"]
[EventRounds "9"]
[EventCountry "GER"]
[SourceTitle "EXT 2008"]
[Source "ChessBase"]
[SourceDate "2007.11.25"]
[SourceVersion "1"]
[SourceVersionDate "2007.11.25"]
[SourceQuality "1"]
[WhiteTeam "Muenchen Schwabing"]
[BlackTeam "Unterhaching"]
[WhiteTeamCountry "GER"]
[BlackTeamCountry "GER"]

1. c4 e6 2. Nf3 Nf6 3. Nc3 d5 4. cxd5 exd5 5. d4 c6 6. g3 Bd6 7. Bg2 0-0 8. 0-0 Qe7 9. Re1 h6 10. Nd2 Bf5 11. e4 dxe4 12. Ndxe4 Nxe4 13. Bxe4 Bxe4 14. Rxe4 Qd7 15. Bd2 Na6 16. Qf3 Rfe8 17. Rg4 Re6 18. d5 cxd5 19. Nxd5 Be5 20. Bc3 Bxc3 21. Qxc3 Rg6 22. Rxg6 fxg6 23. Qb3 Kh7 24. Rd1 Qf7 25. Qc2 Rd8 26. Nf4 Rxd1+ 27. Qxd1 Qxa2 28. Qd7 Qxb2 29. Qf7 Qb1+ 30. Kg2 Qe4+ 31. Kg1 Nc5 32. Nd5 Qe6 33. Qf3 Qe1+ 34. Kg2 Qe4 35. Nc3 Qxf3+ 36. Kxf3 Kg8 37. Ke3 Kf7 38. Kd4 Nd7 39. Nb5 a6 40. Nd6+ Ke6 41. Nxb7 Kf5 42. f3 g5 43. Nd6+ Ke6 44. Nc4 h5 45. h3 Nf6 46. Ne3 a5 47. Kc5 a4 48. Kb4 Nd5+ 49. Nxd5 Kxd5 50. Kxa4 0-1